000 00648nam a2200229Ia 4500
003 OSt
005 20221005090011.0
006 a|||||r|||| 00| 0
007 ta
008 221004b |||||||| |||| 00| 0 eng d
024 _a101722
037 _cTextual
040 _aCRL
_cCRL
_beng
041 _2eng
_aeng
082 _aP:Y1z7, L2;3
100 _aGumperz John J Ed.
245 0 _aDirections in sociolnguistics
_b the ethnography of communication
260 _aNew York
_bHolt Rinehart and Winston Inc.
_c1972
650 _aLINGUISTICS
942 _hP:Y1z7, L2;3
_cTEXL
_2cc
999 _c995086
_d995086